Statistiche per Elenca la formazione - Quiz n°64

Clicka qui per fare il quiz!

Statistiche generali

  • Questo quiz è stato fatto 23 volte
  • Il punteggio medio è 11 su 11

Statistiche sulle risposte

RuoloNazioneCalciatore% Corretto
CentrocampistaCamerunAndré Zambo Anguissa
100%
DifensoreItaliaGiovanni Di Lorenzo
100%
AlaGeorgiaKhvicha Kvaratskhelia
100%
DifensoreCorea del SudKim Min-Jae
100%
AlaItaliaMatteo Politano
100%
TrequartistaPoloniaPiotr Zieliński
100%
AttaccanteNigeriaVictor Osimhen
100%
PortiereItaliaAlex Meret
95%
CentrocampistaSlovacchiaStanislav Lobotka
95%
DifensoreKosovoAmir Rrahmani
91%
DifensoreUruguayMathías Olivera
82%

Distribuzione punteggi

Percentile per numero di risposta

Percentuale di utenti per punteggio

I tuoi punteggi nel tempo

Non hai fatto questo quiz